Comparison of the antioxidant capacity in cold-treated recombinant wheat lines

In earlier experiments using 5A chromosome substitution lines of wheat with different freezing tolerance it was shown that this chromosome plays an important role in the regulation of cold-induced changes in the level of antioxidant enzymes and thiols. The purpose of our experiments was to determine...

Teljes leírás

Elmentve itt :
Bibliográfiai részletek
Szerző: Soltész Alexandra
Testületi szerző: Hungarian Congress on Plant Physiology, 8., 2005, Szeged
Dokumentumtípus: Cikk
Megjelent: 2005
Sorozat:Acta biologica Szegediensis 49 No. 1-2
Kulcsszavak:Természettudomány, Biológia
Online Access:http://acta.bibl.u-szeged.hu/22699
LEADER 01587nab a2200205 i 4500
001 acta22699
005 20210413110738.0
008 161017s2005 hu o 0|| eng d
022 |a 1588-385X 
040 |a SZTE Egyetemi Kiadványok Repozitórium  |b hun 
041 |a eng 
100 1 |a Soltész Alexandra 
245 1 0 |a Comparison of the antioxidant capacity in cold-treated recombinant wheat lines  |h [elektronikus dokumentum] /  |c  Soltész Alexandra 
260 |c 2005 
300 |a 117-119 
490 0 |a Acta biologica Szegediensis  |v 49 No. 1-2 
520 3 |a In earlier experiments using 5A chromosome substitution lines of wheat with different freezing tolerance it was shown that this chromosome plays an important role in the regulation of cold-induced changes in the level of antioxidant enzymes and thiols. The purpose of our experiments was to determine the region of chromosome 5A where the genes responsible for the control of stress-induced changes in the level of the antioxidants are localised. Activities of antioxidant enzymes and the glutathione synthesis were compared in lines recombinant for the long arm of chromosome 5A. The chromosome region between the markers Xpsr805 and Xpsr164 was found to influence the cold-induced changes in hydroxymethylglutathione and glutathione levels. The glutathione reductase activity may be affected by the chromosome region near to the marker B-amy-A1. 
695 |a Természettudomány, Biológia 
710 |a Hungarian Congress on Plant Physiology, 8., 2005, Szeged 
856 4 0 |u http://acta.bibl.u-szeged.hu/22699/1/49117.pdf  |z Dokumentum-elérés